[Event "Cesme op-A 10th"]
[Site "Cesme"]
[Date "2024.06.30"]
[Round "9"]
[White "Rasulov, Vugar Ural Oglu"]
[Black "Kharitonov, Alexandr"]
[Result "1-0"]
[WhiteElo "2557"]
[BlackElo "2522"]
[PlyCount "115"]
[EventDate "2024.06.23"]
[EventType "swiss"]
[EventRounds "9"]
[EventCountry "TUR"]
[SourceTitle "CBM 220 Extra"]
[Source "ChessBase"]
[SourceDate "2024.07.31"]
[SourceVersion "1"]
[SourceVersionDate "2024.07.31"]
[SourceQuality "1"]

1. c4 c6 2. Nf3 d5 3. e3 Nf6 4. Nc3 e6 5. Qc2 Bd6 6. b3 e5 7. d4 e4 8. Nd2 a6 9. Be2 0-0 10. h3 Be6 11. Bb2 b5 12. g4 Nbd7 13. Rg1 Qe7 14. c5 Bc7 15. 0-0-0 b4 16. Na4 Ne8 17. f4 f5 18. Nf1 g6 19. Ng3 Ng7 20. Kb1 a5 21. g5 Kf7 22. h4 Ke8 23. h5 Bf7 24. Rh1 Ne6 25. Rdg1 Rg8 26. Bd1 Ra7 27. Qf2 Ndf8 28. Rh3 Kd8 29. Rgh1 Be8 30. hxg6 hxg6 31. Bc1 Bd7 32. Bd2 Bc8 33. Be2 Ba6 34. Bxa6 Rxa6 35. Ne2 Ra7 36. Qe1 Ke8 37. Rh6 Bd8 38. Qh4 Qb7 39. Nc1 Qa6 40. Qf2 Qb7 41. Qf1 Ra8 42. Ne2 Ra7 43. Ng3 Ra8 44. Qh3 Qf7 45. Rh8 Rxh8 46. Qxh8 Ra7 47. Rh6 Bc7 48. Nh5 gxh5 49. Rf6 Qe7 50. g6 Ng7 51. Rf7 Qxf7 52. gxf7+ Kxf7 53. Nb6 Ng6 54. Qh6 Rb7 55. Qg5 h4 56. Nd7 Bxf4 57. Qf6+ Kg8 58. Qxg6 1-0

[Event "Cesme op-A 10th"]
[Site "Cesme"]
[Date "2024.06.25"]
[Round "3"]
[White "Gunduz, Umut Erdem"]
[Black "Kharitonov, Alexandr"]
[Result "0-1"]
[WhiteElo "2312"]
[BlackElo "2522"]
[PlyCount "38"]
[EventDate "2024.06.23"]
[EventType "swiss"]
[EventRounds "9"]
[EventCountry "TUR"]
[SourceTitle "CBM 220 Extra"]
[Source "ChessBase"]
[SourceDate "2024.07.31"]
[SourceVersion "1"]
[SourceVersionDate "2024.07.31"]
[SourceQuality "1"]

1. e4 c6 2. d4 d5 3. Nc3 dxe4 4. Nxe4 Nf6 5. Nxf6+ exf6 6. c3 Bd6 7. Bd3 0-0 8. Qc2 Re8+ 9. Ne2 h6 10. 0-0 Nd7 11. Be3 Nf8 12. c4 Bg4 13. Nc3 Qd7 14. d5 f5 15. Qd2 Ng6 16. h3 f4 17. Bd4 f3 18. Rfe1 Bxh3 19. Ne4 Rxe4 0-1

[Event "Cesme op-A 10th"]
[Site "Cesme"]
[Date "2024.06.24"]
[Round "2"]
[White "Kharitonov, Alexandr"]
[Black "Koksal, Ege"]
[Result "1/2-1/2"]
[WhiteElo "2522"]
[BlackElo "2297"]
[PlyCount "53"]
[EventDate "2024.06.23"]
[EventType "swiss"]
[EventRounds "9"]
[EventCountry "TUR"]
[SourceTitle "CBM 220 Extra"]
[Source "ChessBase"]
[SourceDate "2024.07.31"]
[SourceVersion "1"]
[SourceVersionDate "2024.07.31"]
[SourceQuality "1"]

1. d4 d5 2. c4 e6 3. Nc3 Nf6 4. cxd5 Nxd5 5. e4 Nxc3 6. bxc3 c5 7. Rb1 cxd4 8. cxd4 Nc6 9. Bb5 Bd7 10. Nf3 Bb4+ 11. Bd2 Bxd2+ 12. Qxd2 0-0 13. 0-0 b6 14. d5 Na5 15. Bxd7 Qxd7 16. d6 f6 17. Rbc1 Rac8 18. e5 Nc4 19. Qd3 Nxe5 20. Nxe5 fxe5 21. h3 Rfd8 22. Rxc8 Qxc8 23. Rd1 Qc6 24. d7 b5 25. h4 e4 26. Qd2 h6 27. Kh2 1/2-1/2

[Event "Atyrau op"]
[Site "Atyrau"]
[Date "2022.08.21"]
[Round "7"]
[White "Kharitonov, Alexandr"]
[Black "Gnusarev, Pavel"]
[Result "1/2-1/2"]
[WhiteElo "2542"]
[BlackElo "2247"]
[PlyCount "31"]
[EventDate "2022.08.15"]
[EventType "swiss"]
[EventRounds "9"]
[EventCountry "KAZ"]
[SourceTitle "CBM 210 Extra"]
[Source "ChessBase"]
[SourceDate "2022.11.30"]
[SourceVersion "1"]
[SourceVersionDate "2022.11.30"]
[SourceQuality "1"]

1. d4 Nf6 2. c4 g6 3. g3 Bg7 4. Bg2 0-0 5. Nc3 d6 6. Nf3 c5 7. 0-0 Nc6 8. dxc5 dxc5 9. Bf4 Nh5 10. Be3 b6 11. Ne5 Bxe5 12. Qxd8 Rxd8 13. Bxc6 Rb8 14. Rac1 Bb7 15. Bxb7 Rxb7 16. Rfd1 1/2-1/2

[Event "Atyrau op"]
[Site "Atyrau"]
[Date "2022.08.18"]
[Round "4"]
[White "Bolat, Inayat"]
[Black "Kharitonov, Alexandr"]
[Result "1/2-1/2"]
[WhiteElo "1979"]
[BlackElo "2542"]
[PlyCount "227"]
[EventDate "2022.08.15"]
[EventType "swiss"]
[EventRounds "9"]
[EventCountry "KAZ"]
[SourceTitle "CBM 210 Extra"]
[Source "ChessBase"]
[SourceDate "2022.11.30"]
[SourceVersion "1"]
[SourceVersionDate "2022.11.30"]
[SourceQuality "1"]

1. e4 c6 2. Nf3 d5 3. Nc3 a6 4. d4 Bg4 5. exd5 cxd5 6. h3 Bxf3 7. Qxf3 e6 8. Bf4 Nc6 9. 0-0-0 Bd6 10. Kb1 Nge7 11. g4 Bxf4 12. Qxf4 Ng6 13. Qe3 Qd6 14. Bg2 Nf4 15. Bf3 Na5 16. Ne2 Ng6 17. h4 Nc4 18. Qc1 Rc8 19. h5 Ne7 20. g5 Rc6 21. g6 hxg6 22. hxg6 Nxg6 23. Bh5 Rh6 24. Rdg1 Rb6 25. b3 Na3+ 26. Ka1 Rc6 27. c3 Nb5 28. Bxg6 Rxg6 29. Rxg6 fxg6 30. Qg5 Qe7 31. Qxg6+ Qf7 32. Rh8+ Ke7 33. Qg3 Nd6 34. Nf4 Ne4 35. Ng6+ Kf6 36. Qg2 Qxg6 37. Rf8+ Ke7 38. Qxg6 Kxf8 39. c4 Nxf2 40. Qg3 Ne4 41. Qb8+ Ke7 42. Qxb7+ Kd6 43. c5+ Nxc5 44. dxc5+ Kxc5 45. b4+ Kd6 46. Qxg7 Rc4 47. Qf8+ Ke5 48. Qb8+ Ke4 49. Qb6 e5 50. a3 Kd3 51. Qd6 e4 52. Qxd5+ Kc3 53. Qe6 Kd3 54. Qd6+ Kc3 55. Qf6+ Kd3 56. Qf1+ Kc3 57. Qe2 Rd4 58. Qe3+ Rd3 59. Qc1+ Kb3 60. Qb2+ Kc4 61. Qc2+ Rc3 62. Qxe4+ Kb3 63. Qe6+ Kxa3 64. Qxa6+ Kxb4 65. Kb2 Rc5 66. Qb6+ Kc4 67. Qe6+ Kd4 68. Kb3 Rb5+ 69. Ka4 Re5 70. Qf6 Kd5 71. Kb5 Kd4+ 72. Kc6 Ke4 73. Kd6 Rd5+ 74. Ke6 Rc5 75. Qg6+ Kd4 76. Qg1+ Kc4 77. Qc1+ Kd4 78. Qd2+ Kc4 79. Kd6 Rb5 80. Qe2+ Kb4 81. Kc6 Rc5+ 82. Kb6 Rc3 83. Qb5+ Ka3 84. Ka5 Ka2 85. Qe2+ Ka3 86. Qd2 Kb3 87. Kb5 Rc2 88. Qd3+ Kb2 89. Kb4 Kc1 90. Qd4 Rd2 91. Qa1+ Kc2 92. Kc4 Re2 93. Qa2+ Kd1 94. Qb1+ Kd2 95. Kd4 Rf2 96. Qb2+ Ke1 97. Qc1+ Ke2 98. Ke4 Rf8 99. Qc4+ Kd1 100. Qd4+ Ke2 101. Qd3+ Kf2 102. Qb5 Rf3 103. Qc5+ Kg2 104. Qg5+ Rg3 105. Qd2+ Kh3 106. Qe1 Kg4 107. Qf2 Kh3 108. Kf5 Rg2 109. Qf3+ Kh2 110. Kf4 Kg1 111. Qd1+ Kf2 112. Qh1 Rg8 113. Qh2+ Kf1 114. Qh6 1/2-1/2

[Event "Paleochora op 14th"]
[Site "Paleochora"]
[Date "2021.07.30"]
[Round "9"]
[White "Kaasen, Tor Fredrik"]
[Black "Kharitonov, Alexandr"]
[Result "0-1"]
[WhiteElo "2383"]
[BlackElo "2543"]
[PlyCount "105"]
[EventDate "2021.07.23"]
[EventType "swiss"]
[EventRounds "9"]
[EventCountry "GRE"]
[SourceTitle "EXT 2022"]
[Source "ChessBase"]
[SourceDate "2021.10.06"]
[SourceVersion "1"]
[SourceVersionDate "2021.10.06"]
[SourceQuality "1"]

1. e4 c6 2. d4 d5 3. e5 Bf5 4. h4 h5 5. c4 e6 6. Nc3 Bb4 7. Nge2 Ne7 8. a3 Bxc3+ 9. Nxc3 Nd7 10. Bg5 dxc4 11. Bxc4 Nb6 12. Be2 Bg6 13. g4 hxg4 14. Bxg4 Qd7 15. h5 Bf5 16. Bxe7 Qxe7 17. Bxf5 exf5 18. Qf3 Qe6 19. 0-0-0 0-0-0 20. Rhg1 g6 21. Rg5 Rxh5 22. Rxh5 gxh5 23. Qxh5 Nd5 24. Nxd5 Rxd5 25. Kb1 b6 26. Rd3 c5 27. Qd1 Qd7 28. Qc2 Kb8 29. f4 cxd4 30. Qd2 a5 31. Qd1 Ka7 32. Qd2 Qd8 33. Qg2 Qd7 34. Qd2 Ka6 35. Qd1 Kb7 36. Qd2 Qa4 37. Qc1 Qb5 38. Qc2 a4 39. Qd1 Qc4 40. Qd2 Ka6 41. Qd1 Rd8 42. Ka1 b5 43. Kb1 Qd5 44. b3 axb3 45. Qxb3 Qc4 46. Kb2 Kb6 47. Rd2 d3 48. Qb4 Rd7 49. Qf8 Kb7 50. Qb4 Kc6 51. Qf8 Kd5 52. Qe8 Rc7 53. Rxd3+ 0-1

[Event "Paleochora op 14th"]
[Site "Paleochora"]
[Date "2021.07.25"]
[Round "4"]
[White "Kharitonov, Alexandr"]
[Black "Kalogeris, Ioannis"]
[Result "1-0"]
[WhiteElo "2543"]
[BlackElo "2307"]
[PlyCount "69"]
[EventDate "2021.07.23"]
[EventType "swiss"]
[EventRounds "9"]
[EventCountry "GRE"]
[SourceTitle "EXT 2022"]
[Source "ChessBase"]
[SourceDate "2021.10.06"]
[SourceVersion "1"]
[SourceVersionDate "2021.10.06"]
[SourceQuality "1"]

1. d4 d5 2. c4 c6 3. Nf3 Nf6 4. Nc3 e6 5. Bg5 Nbd7 6. cxd5 cxd5 7. e3 a6 8. Bd3 Bd6 9. 0-0 b5 10. a4 b4 11. Nb1 a5 12. Nbd2 Qb6 13. Rc1 Ba6 14. Bxa6 Qxa6 15. Bxf6 gxf6 16. e4 dxe4 17. Nxe4 Bf4 18. Nc5 Qc6 19. Nxd7 Qxd7 20. Rc5 Ke7 21. g3 Bd6 22. Rh5 Bc7 23. Re1 Bb6 24. d5 Rac8 25. Qb3 e5 26. Nh4 Qg4 27. Rh6 Qg5 28. Qd1 Rc4 29. Rh5 Qg8 30. Nf5+ Kd7 31. Qd3 Rc5 32. Rh6 Qd8 33. d6 Ke6 34. Qb3+ Kxf5 35. g4+ 1-0

[Event "Paleochora op 14th"]
[Site "Paleochora"]
[Date "2021.07.24"]
[Round "3"]
[White "Ternault, Mathieu"]
[Black "Kharitonov, Alexandr"]
[Result "1/2-1/2"]
[WhiteElo "2308"]
[BlackElo "2543"]
[PlyCount "26"]
[EventDate "2021.07.23"]
[EventType "swiss"]
[EventRounds "9"]
[EventCountry "GRE"]
[SourceTitle "EXT 2022"]
[Source "ChessBase"]
[SourceDate "2021.10.06"]
[SourceVersion "1"]
[SourceVersionDate "2021.10.06"]
[SourceQuality "1"]

1. d4 Nf6 2. Nf3 g6 3. c4 Bg7 4. Nc3 0-0 5. e4 d6 6. Be2 Bg4 7. Be3 Nc6 8. d5 Bxf3 9. Bxf3 Ne5 10. Be2 c6 11. f4 Ned7 12. 0-0 Qc7 13. Rc1 Rfe8 1/2-1/2

[Event "Andorra op 37th"]
[Site "Escaldes"]
[Date "2019.08.01"]
[Round "6"]
[White "Kharitonov, Alexandr"]
[Black "Rendle, Thomas E"]
[Result "1-0"]
[WhiteElo "2540"]
[BlackElo "2372"]
[PlyCount "46"]
[EventDate "2019.07.27"]
[EventType "swiss"]
[EventRounds "9"]
[EventCountry "AND"]
[SourceTitle "CBM 191 Extra"]
[Source "ChessBase"]
[SourceDate "2019.09.30"]
[SourceVersion "1"]
[SourceVersionDate "2019.09.30"]
[SourceQuality "1"]

1. Nf3 Nf6 2. c4 e6 3. g3 d5 4. Bg2 dxc4 5. Qa4+ Bd7 6. Qxc4 Bc6 7. 0-0 Be7 8. Qc2 a5 9. d3 Na6 10. Nbd2 0-0 11. Nc4 b6 12. Nce5 Bb7 13. Nc6 Qd6 14. Nfe5 Nb4 15. Nxb4 Bxg2 16. Kxg2 axb4 17. Nc6 Qc5 18. Qxc5 Bxc5 19. d4 Bd6 20. Bd2 Ne4 21. Bxb4 Bxb4 22. Nxb4 c5 23. Nc6 Ra6 1-0

[Event "Andorra op 37th"]
[Site "Escaldes"]
[Date "2019.07.30"]
[Round "4"]
[White "Kharitonov, Alexandr"]
[Black "Vega Gutierrez, Sabrina Neide"]
[Result "1/2-1/2"]
[WhiteElo "2540"]
[BlackElo "2385"]
[PlyCount "126"]
[EventDate "2019.07.27"]
[EventType "swiss"]
[EventRounds "9"]
[EventCountry "AND"]
[SourceTitle "CBM 191 Extra"]
[Source "ChessBase"]
[SourceDate "2019.09.30"]
[SourceVersion "1"]
[SourceVersionDate "2019.09.30"]
[SourceQuality "1"]

1. d4 d5 2. c4 e6 3. Nf3 c6 4. Nbd2 Nf6 5. e3 c5 6. cxd5 Nxd5 7. e4 Nb6 8. dxc5 Bxc5 9. Be2 Nc6 10. 0-0 0-0 11. Nb3 Bd6 12. a4 Qe7 13. Bg5 f6 14. Be3 Rd8 15. Qc1 Nd7 16. Rd1 Nf8 17. Nbd4 Bd7 18. Qc4 Kh8 19. Nb5 Bb4 20. e5 Ng6 21. exf6 gxf6 22. Qg4 a6 23. Nc3 Nce5 24. Qh3 Nxf3+ 25. Bxf3 e5 26. Qh5 Bxc3 27. bxc3 Be6 28. Be4 Qf7 29. Rab1 Bd5 30. Bxd5 Rxd5 31. Rxd5 Qxd5 32. Qf5 Kg7 33. Qf3 Qxf3 34. gxf3 b5 35. axb5 axb5 36. Rxb5 Ra1+ 37. Kg2 Nf4+ 38. Bxf4 exf4 39. Kh3 Rc1 40. Rc5 Rc2 41. Kg4 Kg6 42. Kxf4 Rxf2 43. h4 h5 44. Rc4 Rh2 45. Ke3 Kf5 46. Rf4+ Ke5 47. Re4+ Kd6 48. c4 Rh1 49. Rd4+ Ke6 50. Kd2 Rh3 51. Ke2 Rh1 52. Kf2 Rh2+ 53. Kg3 Rh1 54. Kg2 Rc1 55. Kf2 Ke5 56. Re4+ Kd6 57. Kg2 f5 58. Re8 Rxc4 59. Kh3 f4 60. Rh8 Rc5 61. Rh6+ Ke7 62. Ra6 Rc3 63. Rh6 Rxf3+ 1/2-1/2

[Event "Plomari op 1st"]
[Site "Plomari"]
[Date "2019.07.25"]
[Round "9"]
[White "Santorinaios, Hristodoulos"]
[Black "Kharitonov, Alexandr"]
[Result "0-1"]
[WhiteElo "1904"]
[BlackElo "2540"]
[PlyCount "74"]
[EventDate "2019.07.18"]
[EventType "swiss"]
[EventRounds "9"]
[EventCountry "GRE"]
[SourceTitle "EXT 2020"]
[Source "ChessBase"]
[SourceDate "2019.10.17"]
[SourceVersion "1"]
[SourceVersionDate "2019.10.17"]
[SourceQuality "1"]

1. d4 Nf6 2. c4 e6 3. g3 c5 4. Nf3 cxd4 5. Nxd4 d5 6. Bg2 e5 7. Nb3 d4 8. 0-0 Nc6 9. f4 e4 10. f5 g6 11. Na3 Bxf5 12. Nb5 Bg7 13. N5xd4 Nxd4 14. Qxd4 Qxd4+ 15. Nxd4 Bd7 16. Bg5 Ng4 17. Rad1 f5 18. h3 Ne5 19. b3 h6 20. Be3 a6 21. Rd2 0-0 22. Rfd1 Rac8 23. Nc2 Be6 24. Rd6 Rc6 25. Nb4 Rxd6 26. Rxd6 Bxc4 27. Bf1 Bb5 28. Rb6 Rf7 29. Kg2 g5 30. Re6 f4 31. gxf4 gxf4 32. Bd4 f3+ 33. exf3 exf3+ 34. Kg1 Ng4 35. Rg6 f2+ 36. Kg2 Bxf1+ 37. Kg3 Be2 0-1

[Event "Plomari op 1st"]
[Site "Plomari"]
[Date "2019.07.21"]
[Round "5"]
[White "Kotronias, Vasilios"]
[Black "Kharitonov, Alexandr"]
[Result "1/2-1/2"]
[WhiteElo "2462"]
[BlackElo "2540"]
[PlyCount "29"]
[EventDate "2019.07.18"]
[EventType "swiss"]
[EventRounds "9"]
[EventCountry "GRE"]
[SourceTitle "EXT 2020"]
[Source "ChessBase"]
[SourceDate "2019.10.17"]
[SourceVersion "1"]
[SourceVersionDate "2019.10.17"]
[SourceQuality "1"]

1. e4 c6 2. d4 d5 3. exd5 cxd5 4. Bd3 Nc6 5. c3 Qc7 6. h3 Nf6 7. Nf3 g6 8. 0-0 Bf5 9. Bb5 Bg7 10. Re1 0-0 11. Nbd2 a6 12. Bxc6 bxc6 13. Nh4 Bc8 14. Nhf3 Bf5 15. Nh4 1/2-1/2

[Event "Plomari op 1st"]
[Site "Plomari"]
[Date "2019.07.19"]
[Round "2"]
[White "Kharitonov, Alexandr"]
[Black "Santorinaios, Iakovos"]
[Result "1-0"]
[WhiteElo "2540"]
[BlackElo "1865"]
[PlyCount "87"]
[EventDate "2019.07.18"]
[EventType "swiss"]
[EventRounds "9"]
[EventCountry "GRE"]
[SourceTitle "EXT 2020"]
[Source "ChessBase"]
[SourceDate "2019.10.17"]
[SourceVersion "1"]
[SourceVersionDate "2019.10.17"]
[SourceQuality "1"]

1. d4 Nf6 2. c4 g6 3. g3 Bg7 4. Bg2 0-0 5. Nc3 d6 6. Nf3 Nbd7 7. 0-0 e5 8. e4 exd4 9. Nxd4 Re8 10. h3 a6 11. Be3 Ne5 12. b3 c5 13. Nde2 Rb8 14. f4 Ned7 15. Qxd6 b5 16. e5 Bf8 17. Qd2 Nh5 18. g4 Ng7 19. Nd5 b4 20. Ng3 Ne6 21. Ne4 Bg7 22. Rad1 g5 23. f5 Nf4 24. Bxf4 gxf4 25. Ndf6+ Kh8 26. Nxd7 Bxd7 27. Qxd7 Bxe5 28. Qxd8 Rbxd8 29. Kh1 Rxd1 30. Rxd1 Bd4 31. f6 h6 32. h4 a5 33. Kh2 Re6 34. Kh3 Kh7 35. Bf3 Kg6 36. h5+ Kh7 37. g5 a4 38. Kg4 axb3 39. axb3 Ra6 40. Nxc5 Bxc5 41. Be4+ Kg8 42. Rd8+ Bf8 43. gxh6 Rxf6 44. h7+ 1-0

[Event "Cattolica op 6th"]
[Site "Cattolica"]
[Date "2019.06.10"]
[Round "3"]
[White "Kharitonov, Alexandr"]
[Black "Can, Isik"]
[Result "1/2-1/2"]
[WhiteElo "2547"]
[BlackElo "2379"]
[PlyCount "81"]
[EventDate "2019.06.08"]
[EventType "swiss"]
[EventRounds "9"]
[EventCountry "ITA"]
[SourceTitle "CBM 190 Extra"]
[Source "ChessBase"]
[SourceDate "2019.07.15"]
[SourceVersion "1"]
[SourceVersionDate "2019.07.15"]
[SourceQuality "1"]

1. d4 d5 2. c4 c6 3. Nf3 Nf6 4. e3 Bg4 5. cxd5 cxd5 6. Nc3 Nc6 7. Qb3 Rb8 8. Ne5 Bd7 9. f4 e6 10. Bd3 Bd6 11. 0-0 0-0 12. Bd2 Nb4 13. Be2 Nc6 14. Rac1 Na5 15. Qd1 b5 16. b3 Be8 17. Bd3 b4 18. Na4 Bxa4 19. bxa4 Ne4 20. Bxe4 dxe4 21. Nc6 Nxc6 22. Rxc6 f5 23. Qb3 Qe7 24. Rfc1 h6 25. Be1 Rfd8 26. Bh4 Qxh4 27. Qxe6+ Kh7 28. Qxf5+ Kh8 29. Qxe4 Re8 30. Qf3 Rbd8 31. g3 Qe7 32. Kf2 Qf7 33. R1c4 Qf5 34. Qe2 Qh3 35. Kg1 Bxf4 36. gxf4 Rxe3 37. Qf1 Qh4 38. Rc1 Rde8 39. Rc8 Qg4+ 40. Qg2 Qxc8 41. Rc2 1/2-1/2

[Event "La Palma Island op"]
[Site "Santa Cruz de La Palma"]
[Date "2018.08.17"]
[Round "10"]
[White "Hernandez Leon, Alberto"]
[Black "Kharitonov, Alexandr"]
[Result "1/2-1/2"]
[WhiteElo "2211"]
[BlackElo "2566"]
[PlyCount "55"]
[EventDate "2018.08.10"]
[EventType "swiss"]
[EventRounds "10"]
[EventCountry "ESP"]
[SourceTitle "CBM 186 Extra"]
[Source "ChessBase"]
[SourceDate "2018.08.24"]
[SourceVersion "1"]
[SourceVersionDate "2018.08.24"]
[SourceQuality "1"]

1. d4 Nf6 2. Nf3 c5 3. d5 b5 4. Bg5 Qb6 5. Bxf6 Qxf6 6. c3 d6 7. e4 a6 8. Nbd2 Nd7 9. a4 b4 10. Qc2 bxc3 11. bxc3 g5 12. Nc4 Bg7 13. Rc1 g4 14. Nfd2 Rb8 15. Be2 Ne5 16. Nxe5 Qxe5 17. 0-0 0-0 18. Nc4 Qg5 19. Ne3 Be5 20. g3 h5 21. Nc4 h4 22. Rb1 Rxb1 23. Rxb1 Kg7 24. Qc1 Qh5 25. Nxe5 hxg3 26. fxg3 Qxe5 27. Qf4 Qh5 28. h4 1/2-1/2

[Event "La Palma Island op"]
[Site "Santa Cruz de La Palma"]
[Date "2018.08.15"]
[Round "7"]
[White "Kharitonov, Alexandr"]
[Black "Vogt, Lothar"]
[Result "1/2-1/2"]
[WhiteElo "2566"]
[BlackElo "2370"]
[PlyCount "42"]
[EventDate "2018.08.10"]
[EventType "swiss"]
[EventRounds "10"]
[EventCountry "ESP"]
[SourceTitle "CBM 186 Extra"]
[Source "ChessBase"]
[SourceDate "2018.08.24"]
[SourceVersion "1"]
[SourceVersionDate "2018.08.24"]
[SourceQuality "1"]

1. d4 Nf6 2. c4 g6 3. g3 c6 4. Nf3 Bg7 5. Nc3 d5 6. cxd5 cxd5 7. Bg2 0-0 8. Ne5 e6 9. 0-0 Nfd7 10. Nf3 Nc6 11. Bf4 Nf6 12. Rc1 Bd7 13. Qd3 Rc8 14. Bd6 Re8 15. Rfd1 Bf8 16. Bxf8 Rxf8 17. a3 Qe7 18. e4 dxe4 19. Nxe4 Rfd8 20. b4 Nxe4 21. Qxe4 a6 1/2-1/2

[Event "La Palma Island op"]
[Site "Santa Cruz de La Palma"]
[Date "2018.08.15"]
[Round "8"]
[White "Randazzo, Adrian"]
[Black "Kharitonov, Alexandr"]
[Result "1/2-1/2"]
[WhiteElo "2225"]
[BlackElo "2566"]
[PlyCount "79"]
[EventDate "2018.08.10"]
[EventType "swiss"]
[EventRounds "10"]
[EventCountry "ESP"]
[SourceTitle "CBM 186 Extra"]
[Source "ChessBase"]
[SourceDate "2018.08.24"]
[SourceVersion "1"]
[SourceVersionDate "2018.08.24"]
[SourceQuality "1"]

1. e4 e6 2. Qe2 c5 3. Nf3 Nc6 4. g3 g6 5. Bg2 Bg7 6. 0-0 Nge7 7. c3 e5 8. d3 0-0 9. Nbd2 d6 10. Rd1 h6 11. d4 cxd4 12. cxd4 Nxd4 13. Nxd4 exd4 14. f4 Nc6 15. Rb1 a5 16. b3 Re8 17. Ba3 d5 18. Qb5 dxe4 19. Nxe4 Bf5 20. Nd6 Bxb1 21. Rxb1 Nb4 22. Qxe8+ Qxe8 23. Nxe8 Rxe8 24. Bxb4 axb4 25. Bf1 Rc8 26. Bd3 Rc3 27. Rd1 Bf6 28. Kf2 g5 29. Kf3 gxf4 30. Kxf4 Rc5 31. h4 Be5+ 32. Kf3 Kf8 33. g4 Bf6 34. h5 Bg5 35. Ke4 Bf6 36. Rf1 Be5 37. Rf2 Kg7 38. Bc4 f6 39. Rc2 Kf8 40. Bd3 1/2-1/2

[Event "Paleochora op 11th"]
[Site "Paleochora"]
[Date "2018.07.24"]
[Round "8"]
[White "Kharitonov, Alexandr"]
[Black "Barski, Radoslaw"]
[Result "0-1"]
[WhiteElo "2564"]
[BlackElo "2431"]
[PlyCount "113"]
[EventDate "2018.07.18"]
[EventType "swiss"]
[EventRounds "9"]
[EventCountry "GRE"]
[SourceTitle "CBM 186 Extra"]
[Source "ChessBase"]
[SourceDate "2018.08.24"]
[SourceVersion "1"]
[SourceVersionDate "2018.08.24"]
[SourceQuality "1"]

1. d4 d5 2. c4 e6 3. Nc3 c6 4. e3 Nf6 5. Nf3 Nbd7 6. Qc2 Bd6 7. b3 0-0 8. Be2 b6 9. 0-0 Bb7 10. Bb2 Qe7 11. Rad1 Rad8 12. Rfe1 Rfe8 13. e4 Nxe4 14. Nxe4 dxe4 15. Qxe4 f5 16. Qc2 c5 17. d5 Qf7 18. Bf1 h6 19. g3 exd5 20. Rxe8+ Rxe8 21. cxd5 f4 22. Bg2 Bc8 23. Qd3 Nf8 24. Nd2 Bg4 25. Bf3 Qh5 26. Bxg4 Qxg4 27. Nc4 Qd7 28. a4 Rd8 29. Re1 Bb8 30. Qc3 Qf7 31. Rd1 Ne6 32. Qd3 Nd4 33. d6 Bxd6 34. Bxd4 Bb8 35. Qe4 Qd7 36. Ne5 Bxe5 37. Qxe5 fxg3 38. hxg3 cxd4 39. Rd3 Qd5 40. Qxd5+ Rxd5 41. Kg2 Kf7 42. Kf3 h5 43. Ke4 Ke6 44. b4 Re5+ 45. Kxd4 Rd5+ 46. Ke4 Rxd3 47. Kxd3 Kf5 48. f3 g5 49. Ke3 a6 50. a5 b5 51. Ke2 Ke6 52. Kf2 Kd5 53. Ke3 Ke5 54. Kd3 h4 55. f4+ Kf5 56. gxh4 gxh4 57. Ke3 0-1

[Event "Paleochora op 11th"]
[Site "Paleochora"]
[Date "2018.07.22"]
[Round "6"]
[White "Kharitonov, Alexandr"]
[Black "Tsolakidou, Stavroula"]
[Result "1-0"]
[WhiteElo "2564"]
[BlackElo "2423"]
[PlyCount "91"]
[EventDate "2018.07.18"]
[EventType "swiss"]
[EventRounds "9"]
[EventCountry "GRE"]
[SourceTitle "CBM 186 Extra"]
[Source "ChessBase"]
[SourceDate "2018.08.24"]
[SourceVersion "1"]
[SourceVersionDate "2018.08.24"]
[SourceQuality "1"]

1. d4 Nf6 2. c4 e6 3. Nf3 Bb4+ 4. Bd2 Qe7 5. g3 Bxd2+ 6. Qxd2 Nc6 7. e3 d5 8. Qc3 dxc4 9. Na3 b6 10. Nxc4 Bb7 11. Bg2 Rb8 12. 0-0 0-0 13. a3 Ne4 14. Qc2 Nd6 15. Rfc1 Rfc8 16. b4 Nd8 17. Nfd2 Bxg2 18. Kxg2 Nxc4 19. Qxc4 e5 20. Nf3 exd4 21. exd4 c6 22. Ra2 Qd6 23. Rac2 Rc7 24. d5 c5 25. Nd4 Qd7 26. b5 Qg4 27. f3 Qg5 28. h4 Qf6 29. Nc6 Nxc6 30. bxc6 Rd8 31. Re1 Qd6 32. Rce2 Rcc8 33. Re7 h6 34. R1e5 Rc7 35. Re8+ Rxe8 36. Rxe8+ Kh7 37. Qe4+ g6 38. h5 Qf6 39. hxg6+ fxg6 40. Re6 Qb2+ 41. Kh3 Rg7 42. d6 Qc1 43. f4 Qf1+ 44. Kh2 Qf2+ 45. Qg2 Qd4 46. c7 1-0

[Event "Paleochora op 11th"]
[Site "Paleochora"]
[Date "2018.07.19"]
[Round "2"]
[White "Kharitonov, Alexandr"]
[Black "Krallis, Christos"]
[Result "1-0"]
[WhiteElo "2564"]
[BlackElo "2132"]
[PlyCount "175"]
[EventDate "2018.07.18"]
[EventType "swiss"]
[EventRounds "9"]
[EventCountry "GRE"]
[SourceTitle "CBM 186 Extra"]
[Source "ChessBase"]
[SourceDate "2018.08.24"]
[SourceVersion "1"]
[SourceVersionDate "2018.08.24"]
[SourceQuality "1"]

1. d4 Nf6 2. c4 e6 3. Nc3 Bb4 4. Qc2 0-0 5. a3 Bxc3+ 6. Qxc3 Qe8 7. f3 d5 8. Bg5 Nbd7 9. e3 c6 10. Bd3 dxc4 11. Bxc4 Nd5 12. Qd2 h6 13. Bh4 e5 14. e4 exd4 15. Qxd4 Qe5 16. Bf2 N5b6 17. Ba2 Qxd4 18. Bxd4 c5 19. Bc3 Na4 20. Ne2 Nxc3 21. Nxc3 Ne5 22. 0-0-0 Be6 23. Bxe6 fxe6 24. Rd6 Rad8 25. Rhd1 Rxd6 26. Rxd6 Nc4 27. Rd7 Rf7 28. Rd3 Ne5 29. Rd6 Rd7 30. Rxd7 Nxd7 31. Kc2 Kf8 32. f4 Ke7 33. Kd3 a6 34. e5 b5 35. a4 c4+ 36. Kd4 b4 37. Nd1 g5 38. fxg5 hxg5 39. Kxc4 Nxe5+ 40. Kxb4 Kd6 41. Ka5 Nc4+ 42. Kxa6 Kc5 43. b3 Nd2 44. Nf2 e5 45. a5 e4 46. Kb7 e3 47. Nd3+ Kd4 48. Nc1 Nxb3 49. Nxb3+ Kc3 50. Nc1 Kd2 51. a6 Kxc1 52. a7 e2 53. a8Q e1Q 54. Qa1+ Kd2 55. Qa5+ Kd1 56. Qxg5 Qe4+ 57. Kb6 Qe6+ 58. Kc7 Qf7+ 59. Kd6 Qf8+ 60. Kd7 Qf7+ 61. Kc6 Qe8+ 62. Kc5 Qc8+ 63. Kd5 Qd7+ 64. Ke4 Qh7+ 65. Qf5 Qxh2 66. Qf1+ Kc2 67. g4 Qh4 68. Qf5 Kd2 69. Qd7+ Ke2 70. Kf5 Qf2+ 71. Kg6 Qb6+ 72. Kh5 Ke3 73. Qf5 Qb8 74. Qe6+ Kf4 75. g5 Qb5 76. Qf6+ Kg3 77. Kh6 Qd7 78. Qe5+ Kg4 79. Qe4+ Kg3 80. Qe3+ Kg4 81. g6 Qd5 82. Qe2+ Kf4 83. Qh5 Qe6 84. Kh7 Qe8 85. Qh4+ Kf5 86. g7 Qg6+ 87. Kh8 Qb6 88. Qh5+ 1-0